000 00431nam a2200181Ia 4500
001 10257
005 20260306161818.0
008 260306t1984||||xx |||||||||||||| ||spa||
041 _aESP
082 _a910.08
_bN94
100 _aNuñez Cabeza De Vaca, Alvar
_eAUT
245 0 _aNaufragios y comentarios
260 _c1984
300 _a318 páginas :
_c19 cm.
650 _aGEN
654 _aCHU
942 _cLIB
_dJUS
_fJUS
_2ddc
_n
999 _c10257
_d10257